Les droits de l'homme, bouclier ou épée du droit pénal?
Đã lưu trong:
| Định dạng: | Sách |
|---|---|
| Ngôn ngữ: | Undetermined |
| Được phát hành: |
Bruxelles
Facultés universitaires Saint-Louis
2007
|
| Những chủ đề: | |
| Các nhãn: |
Thêm thẻ
Không có thẻ, Là người đầu tiên thẻ bản ghi này!
|
| Thư viện lưu trữ: | Trung tâm Học liệu Trường Đại học Cần Thơ |
|---|
| LEADER | 00574nam a2200169Ia 4500 | ||
|---|---|---|---|
| 001 | CTU_158511 | ||
| 008 | 210402s9999 xx 000 0 und d | ||
| 082 | |a 341.481 | ||
| 082 | |b L784 | ||
| 245 | 0 | |a Les droits de l'homme, bouclier ou épée du droit pénal? | |
| 245 | 0 | |c Séminaire interdisciplinaire des facultés universitaires Saint-Louis (Bruxelles) ... [et al.] | |
| 260 | |a Bruxelles | ||
| 260 | |b Facultés universitaires Saint-Louis | ||
| 260 | |c 2007 | ||
| 650 | |a Human rights | ||
| 904 | |i Giang | ||
| 980 | |a Trung tâm Học liệu Trường Đại học Cần Thơ | ||